Hydraulické posúdenie protipovodňovej ochrany mesta Bardejov

Enregistré dans:
Détails bibliographiques
Auteur principal: Kupa, Ján (Auteur)
Autres auteurs: Šoltész, Andrej (Directeur de thèse)
Format: Manuscrit Livre
Langue:slovaque
Publié: 2017
Sujets:
Accès en ligne:http://is.stuba.sk/zp/portal_zp.pl?podrobnosti=125345
https://opac.crzp.sk/?fn=detailBiblioForm&sid=E7FF18FD4FFD5019DBFAEC3CC38C
Tags: Ajouter un tag
Pas de tags, Soyez le premier à ajouter un tag!

MARC

LEADER 00000ntm a22000003a 4500
001 stuzp63788
003 SK-STU
005 20230815112142.0
007 ta
008 150427s2015----xo-----f-mn---000-0-slo-d
040 |a STU  |b slo 
041 0 |a slo 
100 1 |a Kupa, Ján  |u 010170  |4 aut  |U SvF Stavebná fakulta  |T SvF Katedra hydrotechniky  |X 55077  |U V170  |Y 17  |7 55077 
242 0 1 |a Hydraulic analysis of flood protection in Bardejov city  |y eng 
245 1 0 |a Hydraulické posúdenie protipovodňovej ochrany mesta Bardejov 
260 |c 2017 
650 4 |a hydraulická analýza  |2 slo 
650 4 |a povodňová vlna  |2 slo 
650 4 |a protipovodňová ochrana  |2 slo 
650 4 |a flood protection  |2 eng 
650 4 |a flood wave  |2 eng 
650 4 |a hydraulic analyse  |2 eng 
700 1 |a Šoltész, Andrej  |u 010170  |k Z1  |4 ths  |U SvF Stavebná fakulta  |T SvF Katedra hydrotechniky  |X 645  |U V170  |Y 17  |7 A000000645 
856 4 |u http://is.stuba.sk/zp/portal_zp.pl?podrobnosti=125345 
856 4 |u https://opac.crzp.sk/?fn=detailBiblioForm&sid=E7FF18FD4FFD5019DBFAEC3CC38C